[Event "AUTO-ADV-428"]
[Site "http://www.queenalice.com/game.php?id=298780"]
[Date "2007.11.5"]
[Round "2"]
[White "Hernani"]
[Black "carlosot"]
[Result "0-1"]
[WhiteElo "2065"]
[BlackElo "2222"]

1. e4 e6 2. d4 d5 3. e5 c5 4. Nf3 Nc6 5. a3 cxd4 6. Bd3 Nge7 7. O-O Ng6 8. Bb5
Qb6 9. Nxd4 Nxe5 10. Be3 Qc7 11. Nc3 a6 12. f4 Nd7 0-1

[Event "AUTO-MASTER-305"]
[Site "http://www.queenalice.com/game.php?id=298851"]
[Date "2007.11.5"]
[Round "2"]
[White "R_Mutt"]
[Black "carlosot"]
[Result "1-0"]
[WhiteElo "2281"]
[BlackElo "2270"]

1. e4 g6 2. d4 c6 3. c4 Bg7 4. Nf3 d5 5. cxd5 cxd5 6. e5 Bg4 7. Bb5+ Nc6 8. O-O
Nh6 9. Nbd2 Qb6 10. Bxc6+ Qxc6 11. Nb3 Rc8 12. h3 Bxf3 13. Qxf3 b6 14. Bd2 O-O
15. Rac1 Qd7 16. Bf4 Rc4 17. Rfe1 Rfc8 18. g4 Kh8 19. Kh2 e6 20. h4 Rc2 21. Re2
Rxc1 22. Bxc1 a5 23. Bd2 a4 24. Nc1 Rc4 25. Be3 Qc7 26. Nd3 f6 27. Bxh6 Bxh6 28.
Qxf6+ 1-0

[Event "AUTO-MASTER-305"]
[Site "http://www.queenalice.com/game.php?id=298852"]
[Date "2007.11.5"]
[Round "2"]
[White "carlosot"]
[Black "R_Mutt"]
[Result "0-1"]
[WhiteElo "2265"]
[BlackElo "2270"]

1. d4 d5 2. Nf3 e6 3. Bf4 Nf6 4. e3 c5 5. c3 Nc6 6. Bd3 Be7 7. Nbd2 O-O 8. O-O
b6 9. Ne5 Nxe5 10. Bxe5 Nd7 11. Bf4 f5 12. Bb5 Bb7 13. Nf3 a6 14. Bxd7 Qxd7 15.
Ne5 Qe8 16. Qf3 Kh8 17. b3 g5 18. Bg3 Rc8 19. h3 h5 20. a4 g4 21. Qf4 Kh7 22. h4
Bf6 23. Rac1 Bg7 24. Nd3 e5 0-1

[Event "AUTO-MASTER-305"]
[Site "http://www.queenalice.com/game.php?id=298853"]
[Date "2007.11.5"]
[Round "2"]
[White "Nelson"]
[Black "carlosot"]
[Result "1-0"]
[WhiteElo "2289"]
[BlackElo "2246"]

1. e4 g6 2. d4 Bg7 3. Nc3 c6 4. Nf3 d6 5. Bd3 Nd7 6. O-O Ngf6 7. Bf4 O-O 8. Re1
Qb6 9. Qd2 Qxb2 10. Rab1 Qa3 11. Rb3 Qa5 12. Nd5 Qd8 13. Nxf6+ Nxf6 14. c4 Nd7
15. Bg5 Re8 16. h3 Qc7 17. Bh6 e5 18. Bxg7 Kxg7 19. Bc2 b6 20. Ra3 Nf6 21. Rd1
c5 22. Ba4 Re7 23. dxe5 dxe5 24. Re3 Bb7 25. Qd3 a6 26. a3 Rb8 27. Ng5 h6 28.
Nf3 b5 29. cxb5 Rd7 30. b6 Rxd3 31. bxc7 Rxd1+ 32. Bxd1 Rc8 33. Bc2 Nd7 34. Ba4
Rxc7 35. Bxd7 Rxd7 36. Nxe5 Re7 37. f4 f6 38. Nd3 c4 39. Nc5 Kf7 40. Rc3 Bxe4
41. Rxc4 Rc7 42. Nxe4 1-0

[Event "AUTO-MASTER-305"]
[Site "http://www.queenalice.com/game.php?id=298854"]
[Date "2007.11.5"]
[Round "2"]
[White "carlosot"]
[Black "Nelson"]
[Result "0-1"]
[WhiteElo "2258"]
[BlackElo "2273"]

1. d4 Nf6 2. Nf3 d5 3. Bf4 c5 4. Bxb8 Rxb8 5. e3 Qb6 6. b3 e6 7. Bd3 cxd4 8.
exd4 Bd6 9. O-O O-O 10. c4 dxc4 11. bxc4 Qa5 12. c5 Bf4 13. g3 Bc7 14. Nbd2 Bd7
15. Nc4 Qa4 16. Rb1 Bc6 17. Qxa4 Bxa4 18. Nce5 Nd5 19. Rfc1 f6 20. Nc4 Bc6 21.
Re1 Rfe8 22. Be4 Rbd8 23. Ncd2 Ba5 24. Rb3 f5 25. Bxd5 Bxd5 26. Ra3 Bb4 27. Ra4
Bxd2 28. Nxd2 e5 29. Rc1 a6 30. h3 Bc6 31. Rb4 exd4 32. Nb3 d3 33. Nd2 Re2 34.
Rd1 Rd5 35. Rc4 Bb5 36. Rcc1 Ba4 37. Nb3 Rxa2 0-1

[Event "AUTO-OPEN-479"]
[Site "http://www.queenalice.com/game.php?id=299640"]
[Date "2007.11.7"]
[Round "2"]
[White "Paulsains"]
[Black "carlosot"]
[Result "0-1"]
[WhiteElo "1902"]
[BlackElo "2238"]

1. c4 g6 2. Nc3 Bg7 3. e3 Nf6 4. d4 O-O 5. Bd3 d6 6. h3 Nc6 7. Nf3 e5 8. d5 Nb4
9. O-O Nxd3 10. Qxd3 Nd7 11. e4 f5 12. exf5 gxf5 13. Bg5 Qe8 14. Qe3 Qg6 15. Nh4
Qf7 16. Nf3 h6 17. Bh4 Qh5 18. g3 Nb6 19. b3 f4 20. gxf4 Rxf4 21. Kg2 Bxh3+ 22.
Kxh3 Rxf3+ 0-1

[Event "AUTO-OPEN-479"]
[Site "http://www.queenalice.com/game.php?id=299641"]
[Date "2007.11.7"]
[Round "2"]
[White "carlosot"]
[Black "Paulsains"]
[Result "1-0"]
[WhiteElo "2250"]
[BlackElo "1851"]

1. d4 d6 2. Nf3 Nc6 3. e4 Bg4 4. c3 g6 5. Bc4 e6 6. Nbd2 Bg7 7. O-O Nf6 8. Re1
O-O 9. h3 Bh5 10. g4 Nxg4 11. hxg4 Bxg4 12. Qe2 d5 13. Qe3 dxc4 14. Nxc4 b5 15.
Nce5 Nxe5 16. Nxe5 Bxe5 17. dxe5 f5 18. Qg3 Rf7 19. a4 c6 20. axb5 cxb5 21. Ra6
Qc8 22. Rd6 a5 23. Bg5 Qc4 24. Bh6 Bh5 25. exf5 Rxf5 26. Re3 Re8 27. Red3 Qc7
28. Rd7 Qxe5 29. Qxe5 Rxe5 30. Rg7+ Kh8 31. Rdd7 1-0

[Event "AUTO-OPEN-479"]
[Site "http://www.queenalice.com/game.php?id=299648"]
[Date "2007.11.7"]
[Round "2"]
[White "pomar"]
[Black "carlosot"]
[Result "0-1"]
[WhiteElo "2021"]
[BlackElo "2246"]

1. e4 e6 2. f4 d5 3. exd5 exd5 4. Nf3 Nf6 5. c4 Nc6 6. d4 Bb4+ 7. Bd2 Qe7+ 8.
Be2 dxc4 9. O-O O-O 10. Bxc4 Bg4 11. Qb3 Bxf3 12. Rxf3 Bxd2 13. Nxd2 Nxd4 14.
Qe3 Nxf3+ 15. Qxf3 Qb4 16. Qc3 Qd6 17. Rf1 Rad8 18. Nf3 Qxf4 19. Qb3 Ng4 20. h3
Qe3+ 21. Kh1 Nf2+ 22. Kh2 Qxb3 23. Bxb3 Nd3 24. Ng5 Rd7 0-1

[Event "AUTO-OPEN-479"]
[Site "http://www.queenalice.com/game.php?id=299649"]
[Date "2007.11.7"]
[Round "2"]
[White "carlosot"]
[Black "pomar"]
[Result "1-0"]
[WhiteElo "2240"]
[BlackElo "2029"]

1. d4 e6 2. Nf3 c5 3. e4 cxd4 4. Nxd4 Qb6 5. Nc3 Bb4 6. Be3 Nf6 7. Nb5 Qa5 8.
Bd2 a6 9. e5 axb5 10. exf6 gxf6 11. Qf3 Ke7 12. Rd1 f5 13. a3 Bxc3 14. Bxc3 Qd8
15. Bb4+ Ke8 16. Qg3 Qf6 17. Bc3 e5 18. Bxe5 Qe6 19. Be2 f6 20. Bxb8 Rg8 21. Qc7
Rxg2 22. Qxc8+ Kf7 23. Rxd7+ Kg6 24. Rg7+ Kxg7 25. Qxe6 1-0

[Event "AUTO-OPEN-456"]
[Site "http://www.queenalice.com/game.php?id=316631"]
[Date "2007.12.7"]
[Round "3"]
[White "grandeuberlandia"]
[Black "carlosot"]
[Result "1-0"]
[WhiteElo "2248"]
[BlackElo "2218"]

1. d4 Nf6 2. Nf3 g6 3. c4 Bg7 4. Nc3 O-O 5. Bg5 d6 6. e3 c5 7. Be2 h6 8. Bh4
cxd4 9. Nxd4 Nc6 10. O-O Re8 11. Qd2 Bd7 12. Rad1 Rc8 13. b3 a6 14. h3 g5 15.
Bg3 Nxd4 16. exd4 Bf5 17. Bf3 Qc7 18. Rfe1 b6 19. Ne4 Nxe4 20. Bxe4 Qd7 21. Bxf5
Qxf5 22. d5 b5 23. Rc1 bxc4 24. Rxc4 Bf6 25. Qa5 Kf8 26. Rxc8 Qxc8 27. Re4 Bc3
28. Qb6 Qf5 29. Rxe7 Rxe7 30. Qd8+ Kg7 31. Qxe7 Be5 32. Bxe5+ Qxe5 33. Qxe5+
dxe5 34. Kf1 f5 35. Ke2 Kf7 36. g4 1-0

[Event "AUTO-OPEN-456"]
[Site "http://www.queenalice.com/game.php?id=316632"]
[Date "2007.12.7"]
[Round "3"]
[White "carlosot"]
[Black "grandeuberlandia"]
[Result "0-1"]
[WhiteElo "2207"]
[BlackElo "2251"]

1. d4 d5 2. c4 c6 3. Nf3 e6 4. Bf4 dxc4 5. Nbd2 Bb4 6. Qc2 b5 7. e3 Nf6 8. b3 c3
9. Nb1 Nd5 10. Bg3 Qa5 11. a3 Be7 12. Ra2 O-O 13. b4 Qd8 14. e4 Nf6 15. Nxc3 a5
16. bxa5 Qxa5 17. Bd3 e5 18. Bxe5 Be6 19. Bxf6 Bxf6 20. Rb2 Qxa3 21. O-O b4 22.
Nb1 Qa4 23. Qc5 Nd7 24. Qxb4 Qxb4 25. Rxb4 c5 26. dxc5 Nxc5 27. Bc4 Bg4 28. Nfd2
Rfd8 29. f3 Be6 30. Bxe6 Nxe6 31. g3 Ra2 32. Rd1 Bd4+ 33. Kf1 Be3 34. Ke2 Nd4+
35. Rxd4 Bxd4 0-1

[Event "AUTO-OPEN-456"]
[Site "http://www.queenalice.com/game.php?id=316635"]
[Date "2007.12.7"]
[Round "3"]
[White "BigAlex"]
[Black "carlosot"]
[Result "1-0"]
[WhiteElo "2041"]
[BlackElo "2169"]

1. e4 e6 2. d4 d5 3. Nc3 Bb4 4. e5 c5 5. a3 Bxc3+ 6. bxc3 cxd4 7. cxd4 Bd7 8.
Qg4 g6 9. Rb1 Qa5+ 10. Bd2 Qc7 11. Bd3 Ba4 12. Nf3 Nd7 13. O-O b6 14. Rfc1 h5
15. Qg3 Ne7 16. c4 dxc4 17. Rxc4 Bc6 18. Bb4 Qb7 19. Rbc1 Rc8 20. Bxe7 Kxe7 21.
Qh4+ Kf8 22. Be4 Nb8 23. Bxc6 Nxc6 24. Qf6 Rg8 25. Ng5 1-0

[Event "AUTO-OPEN-456"]
[Site "http://www.queenalice.com/game.php?id=316636"]
[Date "2007.12.7"]
[Round "3"]
[White "carlosot"]
[Black "BigAlex"]
[Result "0-1"]
[WhiteElo "2235"]
[BlackElo "2056"]

1. d4 Nf6 2. c4 g6 3. Nc3 Bg7 4. e4 d6 5. Nf3 O-O 6. Be2 e5 7. dxe5 dxe5 8. Qxd8
Rxd8 9. Bg5 Na6 10. Nxe5 h6 11. Bh4 Re8 12. Nd3 Nxe4 13. Rc1 Nxc3 14. bxc3 Bf5
15. Kf1 g5 16. Bg3 Re7 17. Nb4 Nxb4 18. cxb4 Rae8 19. Re1 Bc3 0-1

[Event "AUTO-OPEN-456"]
[Site "http://www.queenalice.com/game.php?id=316639"]
[Date "2007.12.7"]
[Round "3"]
[White "carlosot"]
[Black "salso"]
[Result "1-0"]
[WhiteElo "2276"]
[BlackElo "2081"]

1. d4 Nf6 2. c4 e6 3. Nf3 d5 4. Bg5 c6 5. Nc3 Nbd7 6. e3 Be7 7. Bd3 O-O 8. Rc1
dxc4 9. Bxc4 Nd5 10. Bxe7 Qxe7 11. O-O Nxc3 12. bxc3 e5 13. Qe2 e4 14. Nd2 b5
15. Bb3 a5 16. f3 a4 17. Bc2 exf3 18. Qxf3 Qe6 19. Ne4 Re8 20. Ng5 Qxe3+ 21.
Qxe3 Rxe3 22. Bxh7+ Kh8 23. Rxf7 Re8 24. Rcf1 Nf6 25. Bg6 Bg4 26. h3 Bh5 27.
R7xf6 Bxg6 28. Rxg6 Re2 29. Rf2 Re1+ 30. Kh2 Re3 31. Rxc6 g6 32. Rf7 b4 33. Rxg6
1-0

[Event "AUTO-OPEN-456"]
[Site "http://www.queenalice.com/game.php?id=316640"]
[Date "2007.12.7"]
[Round "3"]
[White "salso"]
[Black "carlosot"]
[Result "1-0"]
[WhiteElo "2023"]
[BlackElo "2186"]

1. d4 Nf6 2. Nc3 e6 3. e4 d5 4. exd5 exd5 5. Bf4 c6 6. Bd3 Bd6 7. Qd2 O-O 8.
O-O-O b5 9. Bxd6 Qxd6 10. f3 a5 11. Nce2 b4 12. Qf4 Qd8 13. g4 Ba6 14. Bxa6 Nxa6
15. h4 a4 16. h5 b3 17. cxb3 axb3 18. a3 c5 19. g5 Ne8 20. h6 Qc8 21. Nc3 cxd4
22. Qxd4 Qf5 23. Qd3 Qxg5+ 24. Qd2 Qxd2+ 25. Rxd2 g6 26. Rxd5 Nec7 27. Rd7 Rfd8
28. Rxd8+ Rxd8 29. Nge2 f6 30. Rd1 Rxd1+ 31. Kxd1 g5 32. Nd4 Nc5 33. Ne4 Nxe4
34. fxe4 Kf7 35. Ke2 Ne6 36. Nxb3 Kg6 37. a4 f5 38. exf5+ Kxf5 39. a5 Nc7 40.
Nc5 g4 41. a6 Ke5 42. a7 Kd4 43. Ne6+ 1-0

[Event "AUTO-OPEN-450"]
[Site "http://www.queenalice.com/game.php?id=331192"]
[Date "2008.1.5"]
[Round "3"]
[White "carlosot"]
[Black "grandeuberlandia"]
[Result "0-1"]
[WhiteElo "2196"]
[BlackElo "2262"]

1. d4 d5 2. c4 c6 3. Nc3 Nf6 4. cxd5 cxd5 5. Nf3 Nc6 6. Bf4 Bf5 7. e3 e6 8. Bb5
Nd7 9. O-O a6 10. Bd3 Bxd3 11. Qxd3 Qf6 12. a3 Qg6 13. Qxg6 hxg6 14. e4 dxe4 15.
Nxe4 Nf6 16. Nxf6+ gxf6 17. Rfe1 g5 18. d5 Ne7 19. d6 Nd5 20. Bg3 Kd7 21. h4
gxh4 22. Bxh4 Bxd6 23. g3 Rag8 24. Kg2 f5 25. Rad1 f4 26. Rg1 fxg3 27. Bxg3 Ke7
28. Rde1 f5 29. Kf1 Bxg3 30. fxg3 Nf6 31. Nd4 Ne4 32. Re3 Rh2 0-1

[Event "AUTO-OPEN-450"]
[Site "http://www.queenalice.com/game.php?id=331193"]
[Date "2008.1.5"]
[Round "3"]
[White "grandeuberlandia"]
[Black "carlosot"]
[Result "1-0"]
[WhiteElo "2236"]
[BlackElo "2282"]

1. d4 Nf6 2. Nf3 g6 3. c4 Bg7 4. Nc3 O-O 5. g3 d6 6. Bg2 Nc6 7. O-O e5 8. d5 Ne7
9. e4 Ne8 10. Qd3 f5 11. Ng5 h6 12. Ne6 Bxe6 13. dxe6 Nf6 14. exf5 gxf5 15. Bxb7
Rb8 16. Bg2 e4 17. Qe2 Qc8 18. f3 Qxe6 19. fxe4 Nxe4 20. Nxe4 fxe4 21. Re1 Bd4+
22. Kh1 e3 23. Rb1 Nf5 24. Bd5 1-0

[Event "AUTO-MASTER-286"]
[Site "http://www.queenalice.com/game.php?id=341455"]
[Date "2008.1.23"]
[Round "2"]
[White "muttleychess"]
[Black "carlosot"]
[Result "1-0"]
[WhiteElo "2270"]
[BlackElo "2141"]

1. d4 Nf6 2. c4 e6 3. Nf3 Bb4+ 4. Bd2 a5 5. e3 c5 6. Nc3 O-O 7. a3 Bxc3 8. bxc3
d5 9. Bd3 cxd4 10. cxd4 b6 11. O-O Ba6 12. Qb3 dxc4 13. Bxc4 Bxc4 14. Qxc4 Nbd7
15. Rfc1 Rc8 16. Qd3 e5 17. dxe5 Ng4 18. Rxc8 Qxc8 19. Qd6 Re8 20. Rc1 Qd8 21.
Bc3 Nc5 22. Bxa5 Ne4 23. Qxd8 Rxd8 24. Be1 f6 25. Rc4 f5 26. h3 Nh6 27. Rc6 1-0

[Event "AUTO-MASTER-286"]
[Site "http://www.queenalice.com/game.php?id=341456"]
[Date "2008.1.23"]
[Round "2"]
[White "carlosot"]
[Black "muttleychess"]
[Result "0-1"]
[WhiteElo "2133"]
[BlackElo "2278"]

1. d4 Nf6 2. Nf3 g6 3. Bf4 Bg7 4. e3 O-O 5. c4 c6 6. Nc3 d6 7. h3 Na6 8. a3 Nc7
9. Bd3 Ne6 10. Bh2 b6 11. Rb1 Qc7 12. O-O Bb7 13. Qc2 a5 14. b4 axb4 15. axb4
Ra3 16. c5 Rfa8 17. cxb6 Qxb6 18. b5 c5 19. dxc5 Nxc5 20. Be2 Nfe4 21. Nd1 Ra2
22. Nb2 Nc3 23. Nd4 Qa5 24. Bf3 Nxb1 25. Qxb1 Ra1 26. Qc2 Rxf1+ 0-1

[Event "AUTO-MASTER-286"]
[Site "http://www.queenalice.com/game.php?id=341457"]
[Date "2008.1.23"]
[Round "2"]
[White "R_Mutt"]
[Black "carlosot"]
[Result "1-0"]
[WhiteElo "2291"]
[BlackElo "2125"]

1. d4 Nf6 2. Nf3 e6 3. g3 Be7 4. Bg2 O-O 5. c4 d5 6. O-O c6 7. Nc3 Nbd7 8. b3
Qc7 9. Qc2 dxc4 10. bxc4 b6 11. Bb2 Bb7 12. Rfd1 Rfd8 13. e3 b5 14. c5 a5 15.
Nd2 Nf8 16. Nce4 Nd5 17. a3 Nd7 18. Nf3 b4 19. Neg5 Nf8 20. e4 bxa3 21. Bxa3 Nf6
22. Bc1 h6 23. Bf4 Qc8 24. Nxf7 Kxf7 25. Ne5+ Kg8 26. Nc4 N6d7 27. Bd6 Ng6 28.
Bh3 Kf7 29. f4 1-0

[Event "AUTO-MASTER-286"]
[Site "http://www.queenalice.com/game.php?id=341458"]
[Date "2008.1.23"]
[Round "2"]
[White "carlosot"]
[Black "R_Mutt"]
[Result "0-1"]
[WhiteElo "2120"]
[BlackElo "2328"]

1. d4 d5 2. Nf3 Nf6 3. e3 g6 4. b3 Bg7 5. Bb2 O-O 6. Bd3 c5 7. Nbd2 Nc6 8. a3 b6
9. O-O Bb7 10. Re1 Re8 11. c4 cxd4 12. exd4 a6 13. Rb1 e6 14. Qe2 h6 15. Ne5
dxc4 16. Nxc6 Bxc6 17. bxc4 Rc8 18. Ba1 Ba8 19. Qd1 Qc7 20. Bf1 Red8 21. Re3 Kh7
22. Qe2 Ng8 23. Reb3 Rb8 24. c5 b5 25. Qe3 Ne7 26. Bd3 Bd5 27. R3b2 Nf5 28. Bxf5
gxf5 29. Rc2 Rg8 30. Nf3 Bf6 31. Ne1 Bg5 32. Qe2 Be4 33. Nd3 Bf4 34. g3 Bxg3 35.
fxg3 Rxg3+ 36. Kf1 Bxd3 0-1

[Event "AUTO-OPEN-479"]
[Site "http://www.queenalice.com/game.php?id=361208"]
[Date "2008.2.26"]
[Round "3"]
[White "carlosot"]
[Black "CampbellMarcel"]
[Result "1-0"]
[WhiteElo "2269"]
[BlackElo "1778"]

1. d4 f5 2. c4 c6 3. Bf4 Nf6 4. Nf3 d6 5. Nc3 Nbd7 6. e3 h6 7. h4 g6 8. Bd3 Nh5
9. Bh2 Bg7 10. Nd2 e5 11. Bxf5 gxf5 12. Qxh5+ Kf8 13. Qxf5+ Nf6 14. Qg6 Ng4 15.
Nce4 Nf6 16. dxe5 dxe5 17. Bxe5 Be6 18. Bxf6 Bxf6 19. Qxf6+ 1-0

[Event "AUTO-OPEN-479"]
[Site "http://www.queenalice.com/game.php?id=361209"]
[Date "2008.2.26"]
[Round "3"]
[White "CampbellMarcel"]
[Black "carlosot"]
[Result "0-1"]
[WhiteElo "1769"]
[BlackElo "2118"]

1. e4 e6 2. Nf3 d5 3. exd5 exd5 4. d4 Bd6 5. Bb5+ c6 6. Qe2+ Ne7 7. Ba4 O-O 8.
O-O Bg4 9. h3 Bh5 10. g4 Bg6 11. Ne5 Nd7 12. Nxg6 Nxg6 13. Re1 Qf6 14. Be3 b5
15. Bb3 Rae8 16. Qf1 Nh4 17. Nd2 Bc7 18. g5 Qd6 19. f4 Nf5 20. Qf2 Nxe3 21. Rxe3
Rxe3 22. Qxe3 Qxf4 23. Qxf4 Bxf4 24. Nf3 f6 25. gxf6 Rxf6 26. Re1 Rg6+ 27. Kf1
Kf7 28. a4 a6 29. axb5 axb5 30. c4 dxc4 31. Bc2 Rg3 32. Ne5+ Nxe5 33. dxe5 Re3
34. Rxe3 Bxe3 35. Bxh7 Bd4 36. Be4 b4 37. Bxc6 Ke6 38. Bb5 Kxe5 39. Bxc4 Bxb2
40. Ke1 Kd4 41. Ba2 Kc3 42. Bf7 Ba3 43. Kf2 b3 44. Bxb3 Kxb3 45. Ke3 Kc4 46. h4
Kd5 47. Kf4 Ke6 48. Kg5 Kf7 49. h5 Be7+ 50. Kg4 Kg8 51. Kf5 Kh7 0-1